[Event "Nordic-ch U20"]
[Site "Borgarnes"]
[Date "2019.02.17"]
[Round "6"]
[White "Davidsson, Oskar Vikingur"]
[Black "Ehrenreich, Simon"]
[Result "0-1"]
[WhiteElo "1941"]
[BlackElo "1756"]
[PlyCount "74"]
[EventDate "2019.02.14"]
[EventType "swiss"]
[EventRounds "6"]
[EventCountry "ISL"]
[SourceTitle "CBM 189 Extra"]
[Source "ChessBase"]
[SourceDate "2019.06.03"]
[SourceVersion "1"]
[SourceVersionDate "2019.06.03"]
[SourceQuality "1"]

1. e4 g6 2. d4 Bg7 3. Nc3 d6 4. Be2 a6 5. a4 Nd7 6. Be3 b6 7. Nf3 c5 8. 0-0 Bb7 9. Re1 Rc8 10. Qd2 Qc7 11. Bf1 Ngf6 12. e5 dxe5 13. dxe5 Nxe5 14. Nxe5 Qxe5 15. Bh6 Bxh6 16. Qxh6 Qd6 17. Rad1 Qc6 18. f3 Rg8 19. Bc4 g5 20. Nd5 Nxd5 21. Qxh7 Qg6 22. Qxg6 Rxg6 23. Bxd5 Bxd5 24. Rxd5 Rd8 25. Rde5 e6 26. a5 Rb8 27. b3 Kd7 28. axb6 Kc6 29. Ra1 Rxb6 30. Ra5 Rb5 31. Rxa6+ Kb7 32. Ra3 Kc6 33. Kf2 Kd6 34. Re2 Kc6 35. Ke3 Kb6 36. Kd3 Rg8 37. Re5 c4+ 0-1

[Event "Nordic-ch U20"]
[Site "Borgarnes"]
[Date "2019.02.15"]
[Round "2"]
[White "Davidsson, Oskar Vikingur"]
[Black "Aalto, Patrik"]
[Result "1/2-1/2"]
[WhiteElo "1941"]
[BlackElo "1985"]
[PlyCount "136"]
[EventDate "2019.02.14"]
[EventType "swiss"]
[EventRounds "6"]
[EventCountry "ISL"]
[SourceTitle "CBM 189 Extra"]
[Source "ChessBase"]
[SourceDate "2019.06.03"]
[SourceVersion "1"]
[SourceVersionDate "2019.06.03"]
[SourceQuality "1"]

1. e4 e5 2. Nf3 Nc6 3. Bb5 g6 4. 0-0 Bg7 5. c3 a6 6. Ba4 d6 7. h3 Nf6 8. Re1 0-0 9. d4 Bd7 10. Bg5 h6 11. Bh4 Qe8 12. dxe5 dxe5 13. Nbd2 Nh5 14. Nf1 Nf4 15. Ne3 g5 16. Bg3 Qc8 17. Nd5 b5 18. Bb3 Kh8 19. Rc1 Rd8 20. Bxf4 exf4 21. Nxg5 hxg5 22. Qh5+ Kg8 23. Nf6+ Bxf6 24. Qxf7+ Kh8 25. Qxf6+ Kh7 26. Bf7 Rg8 27. Bxg8+ Qxg8 28. h4 Rf8 29. Qxg5 Qxg5 30. hxg5 Be6 31. f3 Ne5 32. Ra1 Nd3 33. Reb1 c5 34. b3 c4 35. bxc4 Bxc4 36. a4 Rc8 37. axb5 Bxb5 38. Ra3 Kg6 39. Rd1 Kxg5 40. c4 Bxc4 41. Raxd3 Bxd3 42. Rxd3 Rc5 43. Rd8 a5 44. Ra8 Kf6 45. Rf8+ Ke5 46. Rf5+ Kd4 47. Rxf4 Kc3 48. Rf8 a4 49. Ra8 Kb4 50. g4 Ra5 51. Rb8+ Kc3 52. Rb1 Kc2 53. Ra1 Kb2 54. Re1 Re5 55. f4 Re8 56. e5 a3 57. Kf2 a2 58. Re2+ Kb3 59. Rxa2 Kxa2 60. Ke3 Kb3 61. Kd4 Rd8+ 62. Ke4 Kc4 63. e6 Rg8 64. g5 Kc5 65. Ke5 Kc6 66. Kf6 Rf8+ 67. Ke5 Rg8 68. Kf6 Rf8+ 1/2-1/2

[Event "ISL-chT1 1819"]
[Site "Reykjavik"]
[Date "2018.11.08"]
[Round "1.2"]
[White "Davidsson, Oskar Vikingur"]
[Black "Bjornsson, Tomas"]
[Result "1/2-1/2"]
[WhiteElo "1956"]
[BlackElo "2142"]
[PlyCount "38"]
[EventDate "2018.11.08"]
[EventType "team-tourn"]
[EventRounds "9"]
[EventCountry "ISL"]
[SourceTitle "CBM 187 Extra"]
[Source "ChessBase"]
[SourceDate "2018.11.04"]
[SourceVersion "1"]
[SourceVersionDate "2018.11.04"]
[SourceQuality "1"]
[WhiteTeam "Skakfelagidj Huginn II"]
[BlackTeam "Skakdeild Fjolnis"]
[WhiteTeamCountry "ISL"]
[BlackTeamCountry "ISL"]

1. e4 c5 2. c3 Nf6 3. e5 Nd5 4. d4 cxd4 5. Nf3 e6 6. cxd4 Nc6 7. Bc4 d6 8. 0-0 Be7 9. Qe2 0-0 10. Qe4 Ndb4 11. exd6 Qxd6 12. Nc3 f5 13. Qe2 a6 14. a3 Nd5 15. Nxd5 exd5 16. Bf4 Qd8 17. Bb3 Bf6 18. Qd3 Be6 19. Be5 Bxe5 1/2-1/2

[Event "Reykjavik op"]
[Site "Reykjavik"]
[Date "2018.03.10"]
[Round "9"]
[White "Davidsson, Oskar Vikingur"]
[Black "Janzelj, Lara"]
[Result "0-1"]
[WhiteElo "1882"]
[BlackElo "2180"]
[PlyCount "92"]
[EventDate "2018.03.06"]
[EventType "swiss"]
[EventRounds "9"]
[EventCountry "ISL"]
[SourceTitle "EXT 2019"]
[Source "ChessBase"]
[SourceDate "2018.10.10"]
[SourceVersion "1"]
[SourceVersionDate "2018.10.10"]
[SourceQuality "1"]

1. e4 e5 2. Nf3 Nc6 3. Bb5 a6 4. Ba4 b5 5. Bb3 g6 6. 0-0 Bg7 7. c3 Nge7 8. d4 exd4 9. cxd4 0-0 10. Re1 d6 11. h3 Na5 12. Bc2 c5 13. Nc3 Nec6 14. Ne2 h6 15. Bf4 Nc4 16. Bb3 Nxb2 17. Qc2 c4 18. Qxb2 cxb3 19. axb3 Re8 20. Ng3 Qf6 21. Be3 Bxh3 22. e5 dxe5 23. dxe5 Nxe5 24. Nxe5 Rxe5 25. Rec1 Rxe3 26. Qxf6 Bxf6 27. fxe3 Bxa1 28. Rxa1 Be6 29. b4 Rc8 30. Ne4 Rc4 31. Nc5 Rxb4 32. Nxe6 fxe6 33. Rxa6 Kf7 34. Kf2 Kf6 35. Kf3 Ke5 36. Rb6 Rb2 37. Rb8 Rb1 38. Rg8 b4 39. Kf2 b3 40. Rb8 b2 41. Rb5+ Ke4 42. Rb4+ Kf5 43. Rb8 h5 44. Rb5+ e5 45. Rb8 h4 46. Rb3 h3 0-1

[Event "Nordic-ch U13"]
[Site "Heinola"]
[Date "2018.02.09"]
[Round "1"]
[White "Apol, Luitjen Akselsson"]
[Black "Davidsson, Oskar Vikingur"]
[Result "1/2-1/2"]
[WhiteElo "1669"]
[BlackElo "1871"]
[PlyCount "52"]
[EventDate "2018.02.09"]
[EventType "swiss"]
[EventRounds "6"]
[EventCountry "FIN"]
[SourceTitle "EXT 2019"]
[Source "ChessBase"]
[SourceDate "2018.10.10"]
[SourceVersion "1"]
[SourceVersionDate "2018.10.10"]
[SourceQuality "1"]

1. e4 c5 2. Nf3 e6 3. d4 cxd4 4. Nxd4 Nc6 5. Nc3 Qc7 6. Be3 a6 7. Bd3 Nf6 8. 0-0 Be7 9. Qe2 b5 10. Nxc6 Qxc6 11. e5 Bb7 12. f4 Nd5 13. Nxd5 Qxd5 14. Rf3 d6 15. exd6 Qxd6 16. Rg3 Bf6 17. Rd1 Qc7 18. c3 Rd8 19. f5 e5 20. Bg5 Bxg5 21. Rxg5 f6 22. Qh5+ Kf8 23. Rg3 Qf7 24. Qg4 Rg8 25. Bc2 Rxd1+ 26. Qxd1 Qd5 1/2-1/2

[Event "Kopavogur Baldursson Memorial"]
[Site "Kopavogur"]
[Date "2018.01.06"]
[Round "6"]
[White "Davidsson, Oskar Vikingur"]
[Black "Mai, Alexander Oliver"]
[Result "0-1"]
[WhiteElo "1854"]
[BlackElo "1970"]
[PlyCount "56"]
[EventDate "2018.01.04"]
[EventType "swiss"]
[EventRounds "7"]
[EventCountry "ISL"]
[SourceTitle "CBM 182 Extra"]
[Source "ChessBase"]
[SourceDate "2018.02.23"]
[SourceVersion "1"]
[SourceVersionDate "2018.02.23"]
[SourceQuality "1"]

1. e4 d6 2. d4 Nf6 3. Nc3 Nbd7 4. Bg5 e5 5. Nf3 Be7 6. dxe5 dxe5 7. Qd2 c6 8. 0-0-0 Qa5 9. a3 b5 10. Bd3 0-0 11. Kb1 Qc7 12. Rhe1 b4 13. axb4 Bxb4 14. Bxf6 Nxf6 15. Bc4 Qa5 16. Ng5 Ba6 17. Bb3 c5 18. Re3 Rab8 19. Qe1 c4 20. Ba2 Rb7 21. Ka1 Rfb8 22. Rb1 Rb6 23. Qe2 Bxc3 24. Rxc3 Rxb2 25. Rxb2 Qxc3 26. Bb3 cxb3 27. Qd1 bxc2 28. Qxc2 Qxb2+ 0-1

[Event "Kopavogur Baldursson Memorial"]
[Site "Kopavogur"]
[Date "2018.01.04"]
[Round "2"]
[White "Davidsson, Oskar Vikingur"]
[Black "Heidarsson, Arnar Milutin"]
[Result "1-0"]
[WhiteElo "1854"]
[BlackElo "1592"]
[PlyCount "49"]
[EventDate "2018.01.04"]
[EventType "swiss"]
[EventRounds "7"]
[EventCountry "ISL"]
[SourceTitle "CBM 182 Extra"]
[Source "ChessBase"]
[SourceDate "2018.02.23"]
[SourceVersion "1"]
[SourceVersionDate "2018.02.23"]
[SourceQuality "1"]

1. e4 c5 2. Nf3 d6 3. d4 cxd4 4. Nxd4 Nf6 5. Nc3 g6 6. Be3 Bg7 7. f3 Nc6 8. Qd2 0-0 9. Bc4 Bd7 10. a3 Ne5 11. Bb3 Rc8 12. 0-0-0 Nc4 13. Bxc4 Rxc4 14. g4 Qa5 15. Nb3 Qc7 16. h4 h5 17. gxh5 Nxh5 18. Bd4 Rc8 19. Bxg7 Kxg7 20. Rhg1 Ba4 21. Nd4 e6 22. Rxg6+ Kf8 23. Nxe6+ fxe6 24. Qh6+ Ke7 25. Qxh5 1-0

[Event "Kopavogur Baldursson Memorial"]
[Site "Kopavogur"]
[Date "2018.01.04"]
[Round "1"]
[White "Ragnarsson, Dagur"]
[Black "Davidsson, Oskar Vikingur"]
[Result "1-0"]
[WhiteElo "2332"]
[BlackElo "1854"]
[PlyCount "99"]
[EventDate "2018.01.04"]
[EventType "swiss"]
[EventRounds "7"]
[EventCountry "ISL"]
[SourceTitle "CBM 182 Extra"]
[Source "ChessBase"]
[SourceDate "2018.02.23"]
[SourceVersion "1"]
[SourceVersionDate "2018.02.23"]
[SourceQuality "1"]

1. d4 Nf6 2. Nf3 e6 3. c4 b6 4. Bf4 Bb7 5. e3 d5 6. Nbd2 Bd6 7. Bg3 0-0 8. Bd3 Qe7 9. 0-0 Nbd7 10. Ne5 Ne4 11. Nxd7 Qxd7 12. Rc1 Nxd2 13. Qxd2 dxc4 14. Bxc4 Rac8 15. f4 Rfd8 16. Rfd1 Be7 17. Qe2 c6 18. a3 Bf6 19. Bf2 Qc7 20. b4 c5 21. Bb5 Qe7 22. dxc5 Rxd1+ 23. Rxd1 bxc5 24. e4 Bd4 25. Bxd4 cxd4 26. Rxd4 Qc7 27. Qe3 Qb6 28. Be2 h6 29. Kf2 Qc7 30. Rc4 Qb8 31. Rxc8+ Bxc8 32. g3 e5 33. f5 Qc7 34. Qc5 Qxc5+ 35. bxc5 Kf8 36. Bc4 Ke7 37. Bd5 f6 38. g4 Kd8 39. c6 Kc7 40. Kg3 h5 41. h3 hxg4 42. hxg4 Kb6 43. Kh4 Kb5 44. Kh5 Ka4 45. Be6 Ba6 46. c7 Kxa3 47. c8Q Bxc8 48. Bxc8 a5 49. Kg6 a4 50. Bd7 1-0

[Event "Reykjavik TR U2000 op"]
[Site "Reykjavik"]
[Date "2017.11.08"]
[Round "5"]
[White "Mai, Alexander Oliver"]
[Black "Davidsson, Oskar Vikingur"]
[Result "1-0"]
[WhiteElo "1875"]
[BlackElo "1777"]
[PlyCount "95"]
[EventDate "2017.10.11"]
[EventType "swiss"]
[EventRounds "7"]
[EventCountry "ISL"]
[SourceTitle "CBM 181 Extra"]
[Source "ChessBase"]
[SourceDate "2017.12.12"]
[SourceVersion "1"]
[SourceVersionDate "2017.12.12"]
[SourceQuality "1"]

1. e4 c5 2. Nf3 e6 3. d4 cxd4 4. Nxd4 Nc6 5. Nc3 Qc7 6. Be3 a6 7. Bd3 Nf6 8. 0-0 b5 9. Nxc6 dxc6 10. a4 Bb7 11. f4 Be7 12. e5 Nd7 13. Qg4 g6 14. Qe2 0-0 15. Ne4 Rfd8 16. Qg4 Rac8 17. Ng5 Nc5 18. Bxc5 Bxc5+ 19. Kh1 Be7 20. Rf3 c5 21. Rh3 h5 22. Qg3 Bxg5 23. Qxg5 c4 24. Bxg6 fxg6 25. Qxg6+ Kf8 26. Rg3 Qf7 27. Qh6+ Ke8 28. Rg7 Qf5 29. Qh8+ Qf8 30. Rg8 Ke7 31. Rxf8 Rxf8 32. Qg7+ Rf7 33. Qg5+ Kd7 34. Rd1+ Kc7 35. Kg1 Rcf8 36. g3 Bd5 37. Qxh5 b4 38. Qe2 Rg7 39. Qe3 Kb7 40. a5 Ka8 41. Rd4 Rb8 42. f5 Rb5 43. f6 Rg8 44. Qh6 Rb7 45. Rf4 Rf7 46. g4 Rff8 47. f7 Rh8 48. Qxh8 1-0

[Event "Reykjavik TR U2000 op"]
[Site "Reykjavik"]
[Date "2017.11.01"]
[Round "4"]
[White "Davidsson, Oskar Vikingur"]
[Black "Gudmarsson, Olafur"]
[Result "1-0"]
[WhiteElo "1777"]
[BlackElo "1724"]
[PlyCount "75"]
[EventDate "2017.10.11"]
[EventType "swiss"]
[EventRounds "7"]
[EventCountry "ISL"]
[SourceTitle "CBM 181 Extra"]
[Source "ChessBase"]
[SourceDate "2017.12.12"]
[SourceVersion "1"]
[SourceVersionDate "2017.12.12"]
[SourceQuality "1"]

1. e4 e6 2. d4 d5 3. Nd2 dxe4 4. Nxe4 Be7 5. Nf3 Nf6 6. Nxf6+ Bxf6 7. c3 0-0 8. Bd3 Nc6 9. 0-0 a6 10. Bf4 g5 11. Nxg5 Bxg5 12. Qh5 h6 13. Be3 Bxe3 14. fxe3 Qg5 15. Qe2 Kh8 16. Rf3 f5 17. Rg3 Qf6 18. Rf1 Bd7 19. Rh3 Rg8 20. e4 Rg5 21. Rf4 Rag8 22. g3 R8g6 23. e5 Qg7 24. Rfh4 Ne7 25. Qd2 Rxg3+ 26. hxg3 Rxg3+ 27. Kh2 Rxh3+ 28. Rxh3 Kh7 29. c4 Bc6 30. Bf1 b5 31. b3 Be8 32. Bg2 Ng6 33. Bf3 c5 34. Bh5 cxd4 35. Bxg6+ Qxg6 36. Qxd4 Qg4 37. Qa7+ Kg8 38. Rg3 1-0

[Event "Reykjavik op"]
[Site "Reykjavik"]
[Date "2017.04.26"]
[Round "9"]
[White "Davidsson, Oskar Vikingur"]
[Black "Finnsson, Johann Arnar"]
[Result "0-1"]
[WhiteElo "1818"]
[BlackElo "1655"]
[PlyCount "76"]
[EventDate "2017.04.19"]
[EventType "swiss"]
[EventRounds "10"]
[EventCountry "ISL"]
[SourceTitle "CBM 178 Extra"]
[Source "ChessBase"]
[SourceDate "2017.06.22"]
[SourceVersion "1"]
[SourceVersionDate "2017.06.22"]
[SourceQuality "1"]

1. e4 d6 2. d4 g6 3. Nc3 Bg7 4. Nf3 Nf6 5. Be2 0-0 6. 0-0 c6 7. a4 Nbd7 8. h3 e5 9. Be3 Re8 10. Bd3 Qa5 11. Re1 exd4 12. Nxd4 Nc5 13. Bd2 Nxd3 14. cxd3 Qb6 15. Nb3 Be6 16. Ra3 Rad8 17. Be3 Qc7 18. a5 Qb8 19. Nd4 Nd7 20. Nxe6 Rxe6 21. Qa4 Rde8 22. a6 b5 23. Qb4 Bf8 24. Raa1 d5 25. Qb3 b4 26. exd5 Rxe3 27. fxe3 bxc3 28. Qxb8 Nxb8 29. bxc3 cxd5 30. Ra5 d4 31. Kf1 dxc3 32. Ke2 Re6 33. Rea1 Rb6 34. R1a2 Nc6 35. R5a4 Rb2+ 36. Kd1 Nb4 37. R2a3 Rb1+ 38. Ke2 c2 0-1

[Event "Reykjavik op"]
[Site "Reykjavik"]
[Date "2017.04.24"]
[Round "7"]
[White "Davidsson, Oskar Vikingur"]
[Black "Apol, Luitjen Akselsson"]
[Result "1-0"]
[WhiteElo "1818"]
[BlackElo "1561"]
[PlyCount "67"]
[EventDate "2017.04.19"]
[EventType "swiss"]
[EventRounds "10"]
[EventCountry "ISL"]
[SourceTitle "CBM 178 Extra"]
[Source "ChessBase"]
[SourceDate "2017.06.22"]
[SourceVersion "1"]
[SourceVersionDate "2017.06.22"]
[SourceQuality "1"]

1. e4 c5 2. Nf3 d6 3. d4 cxd4 4. Nxd4 Nf6 5. Nc3 a6 6. h3 b5 7. g4 Bb7 8. Bg2 e6 9. a3 Be7 10. Be3 Qc7 11. Qe2 Nc6 12. f4 Na5 13. Rd1 Nc4 14. Bc1 Nxa3 15. 0-0 Nc4 16. Kh1 0-0 17. g5 Nd7 18. f5 e5 19. Nf3 Rfd8 20. Nh4 Bf8 21. Qh5 Rac8 22. Rd3 f6 23. Rg3 b4 24. Na4 Bc6 25. b3 Bxa4 26. bxa4 Ncb6 27. g6 h6 28. Bxh6 gxh6 29. g7 Bxg7 30. Qxh6 Nf8 31. Qxf6 Qf7 32. Qh6 Rc3 33. Rg4 Rxc2 34. f6 1-0

[Event "Reykjavik op"]
[Site "Reykjavik"]
[Date "2017.04.20"]
[Round "2"]
[White "Hjaltason, Magnus"]
[Black "Davidsson, Oskar Vikingur"]
[Result "0-1"]
[WhiteElo "1205"]
[BlackElo "1818"]
[PlyCount "62"]
[EventDate "2017.04.19"]
[EventType "swiss"]
[EventRounds "10"]
[EventCountry "ISL"]
[SourceTitle "CBM 178 Extra"]
[Source "ChessBase"]
[SourceDate "2017.06.22"]
[SourceVersion "1"]
[SourceVersionDate "2017.06.22"]
[SourceQuality "1"]

1. e4 c5 2. Nf3 e6 3. d4 cxd4 4. Nxd4 Nc6 5. Nc3 Qc7 6. Be3 a6 7. f3 Nf6 8. g4 Bb4 9. Qd3 Ne5 10. Qd2 Nxf3+ 11. Nxf3 Nxe4 12. Qd3 Nxc3 13. Bd2 Nd5 14. c3 Be7 15. Bg2 0-0 16. Ng5 Bxg5 17. 0-0 Bxd2 18. Qxd2 b5 19. c4 bxc4 20. Rac1 Bb7 21. b3 c3 22. Bxd5 Bxd5 23. Rxc3 Qb6+ 24. Qf2 Qxf2+ 25. Rxf2 Rfc8 26. Rfc2 Rc6 27. Rxc6 Bxc6 28. Rd2 Rb8 29. Rd4 a5 30. Rd3 Rb4 31. a3 Rxg4+ 0-1

[Event "ISL-chT2 1617"]
[Site "Reykjavik"]
[Date "2016.10.01"]
[Round "3.1"]
[White "Davidsson, Oskar Vikingur"]
[Black "Arnason, Ragnar"]
[Result "1-0"]
[WhiteElo "1666"]
[BlackElo "1374"]
[PlyCount "133"]
[EventDate "2016.09.30"]
[EventType "team-tourn"]
[EventRounds "7"]
[EventCountry "ISL"]
[SourceTitle "EXT 2018"]
[Source "ChessBase"]
[SourceDate "2017.10.13"]
[SourceVersion "1"]
[SourceVersionDate "2017.10.13"]
[SourceQuality "1"]
[WhiteTeam "Huginn III"]
[BlackTeam "Hauka"]
[WhiteTeamCountry "ISL"]
[BlackTeamCountry "ISL"]

1. e4 e5 2. Nf3 Nc6 3. Bb5 d6 4. d4 Bd7 5. Nc3 a6 6. Bxc6 Bxc6 7. dxe5 dxe5 8. Qxd8+ Rxd8 9. Nxe5 Bd7 10. Nxd7 Rxd7 11. Ke2 Bc5 12. Bf4 c6 13. Rad1 Nf6 14. Rxd7 Nxd7 15. Rd1 f6 16. Na4 Bb4 17. c3 Ba5 18. b4 Bd8 19. Nc5 Nxc5 20. bxc5 Ba5 21. Rb1 Kf7 22. Rxb7+ Kg6 23. Bc7 Bxc3 24. Rb6 a5 25. Ra6 Re8 26. f3 Bb4 27. Bxa5 Bxc5 28. Rxc6 Bd4 29. Bb6 Be5 30. g3 Ra8 31. Rc2 Ra4 32. Bc5 h5 33. f4 Bd4 34. Bxd4 Rxd4 35. Ke3 Ra4 36. h3 Ra3+ 37. Kf2 h4 38. gxh4 Rxh3 39. a4 Ra3 40. Rc4 Kh5 41. f5 Kh6 42. Ke2 Ra2+ 43. Kd3 Ra3+ 44. Kc2 Ra2+ 45. Kb3 Rh2 46. a5 Rxh4 47. Ra4 Kg5 48. a6 Rh8 49. a7 Ra8 50. Kb4 Kf4 51. Kb5 Rxa7 52. Rxa7 Kxe4 53. Rxg7 Kxf5 54. Kc4 Ke4 55. Kc3 f5 56. Kd2 Kf3 57. Ke1 f4 58. Kf1 Ke3 59. Kg2 Ke4 60. Kf2 Kf5 61. Kf3 Kf6 62. Rg4 Kf5 63. Rxf4+ Ke5 64. Ke3 Kd5 65. Re4 Kc5 66. Rd4 Kc6 67. Ke4 1-0

[Event "Reykjavik op"]
[Site "Reykjavik"]
[Date "2016.03.15"]
[Round "9"]
[White "Davidsson, Oskar Vikingur"]
[Black "Gislason, Jason Andri"]
[Result "1-0"]
[WhiteElo "1628"]
[BlackElo "1319"]
[PlyCount "65"]
[EventDate "2016.03.08"]
[EventType "swiss"]
[EventRounds "10"]
[EventCountry "ISL"]
[SourceTitle "CBM 171 Extra"]
[Source "ChessBase"]
[SourceDate "2016.04.26"]
[SourceVersion "1"]
[SourceVersionDate "2016.04.26"]
[SourceQuality "1"]

1. e4 e5 2. Nf3 Nc6 3. Bb5 a6 4. Ba4 Bc5 5. 0-0 d6 6. c3 b5 7. Bb3 Nf6 8. h3 0-0 9. d4 exd4 10. cxd4 Ba7 11. Bg5 Re8 12. Nc3 h6 13. Bxf6 Qxf6 14. Nd5 Qd8 15. Rc1 Bd7 16. Qd3 Rc8 17. Rc3 Na5 18. Rfc1 c5 19. dxc5 dxc5 20. Qe2 c4 21. Bd1 Bc6 22. Nb4 Bxe4 23. Bc2 Bxc2 24. Qxc2 Qd6 25. a3 Rcd8 26. Qf5 Nb3 27. R1c2 Qg3 28. Nd2 Rxd2 29. Rxg3 Rd1+ 30. Kh2 Ree1 31. Rxb3 Rh1+ 32. Kg3 g6 33. Qf6 1-0

[Event "Reykjavik op"]
[Site "Reykjavik"]
[Date "2016.03.14"]
[Round "8"]
[White "Koes, Richard"]
[Black "Davidsson, Oskar Vikingur"]
[Result "1-0"]
[WhiteElo "1840"]
[BlackElo "1628"]
[PlyCount "67"]
[EventDate "2016.03.08"]
[EventType "swiss"]
[EventRounds "10"]
[EventCountry "ISL"]
[SourceTitle "CBM 171 Extra"]
[Source "ChessBase"]
[SourceDate "2016.04.26"]
[SourceVersion "1"]
[SourceVersionDate "2016.04.26"]
[SourceQuality "1"]

1. Nc3 c5 2. Nf3 d5 3. e4 e6 4. g3 Nc6 5. d3 Nge7 6. Bg2 g6 7. 0-0 Bg7 8. Bg5 0-0 9. Qd2 d4 10. Ne2 b6 11. Bh6 Qc7 12. Bxg7 Kxg7 13. Nh4 Bb7 14. f4 f5 15. h3 Rad8 16. g4 Qd7 17. Rad1 Kg8 18. Ng3 Rfe8 19. Nf3 Ba8 20. Qf2 Rf8 21. Ne2 Nb4 22. Ne5 Qc7 23. Rd2 Nxa2 24. Qh4 Nc6 25. Nf3 Nab4 26. Ng5 Rfe8 27. Ng3 fxe4 28. dxe4 Qg7 29. f5 exf5 30. gxf5 Rd7 31. f6 Qh8 32. f7+ Rxf7 33. Nxf7 Qg7 34. Nh6+ 1-0

[Event "Reykjavik op"]
[Site "Reykjavik"]
[Date "2015.03.13"]
[Round "5"]
[White "Nilsen, Tobias Lang"]
[Black "Davidsson, Oskar Vikingur"]
[Result "1-0"]
[WhiteElo "1761"]
[BlackElo "1454"]
[PlyCount "111"]
[EventDate "2015.03.10"]
[EventType "swiss"]
[EventRounds "10"]
[EventCountry "ISL"]
[SourceTitle "CBM 165 Extra"]
[Source "ChessBase"]
[SourceDate "2015.04.21"]
[SourceVersion "1"]
[SourceVersionDate "2015.04.21"]
[SourceQuality "1"]

1. e4 c5 2. c3 d5 3. exd5 Qxd5 4. d4 Nf6 5. Nf3 Bg4 6. Be2 e6 7. Be3 Nbd7 8. Na3 a6 9. Nc2 Be7 10. h3 Bh5 11. 0-0 0-0 12. Nce1 Rac8 13. Nd3 cxd4 14. cxd4 Bg6 15. Nf4 Qa5 16. Nxg6 hxg6 17. Qb3 Qb6 18. Qxb6 Nxb6 19. Rac1 Nbd5 20. Rfd1 b5 21. Rxc8 Rxc8 22. Rc1 Rxc1+ 23. Bxc1 Bd6 24. a4 Nc7 25. axb5 axb5 26. Bd2 b4 27. Ne1 Nfd5 28. Nd3 Kf8 29. Kf1 Ke8 30. Ke1 Kd7 31. Kd1 Kc6 32. Kc2 Nb5 33. Be3 Nbc7 34. Kb3 f6 35. Bf3 Kb5 36. Bd2 Ka5 37. Be4 Nb5 38. Be3 g5 39. Nc5 Bxc5 40. dxc5 Nbc7 41. Kc4 Ne7 42. c6 Na6 43. Bc5 Nc8 44. Bf8 f5 45. Bf3 g6 46. Bh6 e5 47. Bxg5 Nb6+ 48. Kb3 Nc5+ 49. Kc2 b3+ 50. Kd2 Kb5 51. c7 Ne6 52. Bd8 e4 53. Bd1 Nc5 54. Be7 Ne6 55. Bxb3 Nxc7 56. Bd8 1-0

[Event "Reykjavik op"]
[Site "Reykjavik"]
[Date "2015.03.11"]
[Round "2"]
[White "Davidsson, Oskar Vikingur"]
[Black "Densing, Gerd"]
[Result "0-1"]
[WhiteElo "1454"]
[BlackElo "1903"]
[PlyCount "68"]
[EventDate "2015.03.10"]
[EventType "swiss"]
[EventRounds "10"]
[EventCountry "ISL"]
[SourceTitle "CBM 165 Extra"]
[Source "ChessBase"]
[SourceDate "2015.04.21"]
[SourceVersion "1"]
[SourceVersionDate "2015.04.21"]
[SourceQuality "1"]

1. e4 e6 2. d4 b6 3. c3 Bb7 4. Nf3 Bxe4 5. Nbd2 Bb7 6. Bd3 Nf6 7. 0-0 c5 8. Qc2 d5 9. Re1 c4 10. Be2 Bd6 11. b3 cxb3 12. axb3 0-0 13. Bd3 h6 14. Ne5 Nc6 15. f4 Qc7 16. Ndf3 Rfc8 17. Nxc6 Qxc6 18. Bd2 Ne4 19. Bxe4 dxe4 20. Ne5 Qc7 21. Qd1 f5 22. Qh5 Bxe5 23. fxe5 Qc6 24. Bxh6 gxh6 25. Re3 Rc7 26. Qxh6 Rg7 27. Rh3 e3 28. Qh8+ Kf7 29. Qh5+ Ke7 30. Qh4+ Kd7 31. Ra2 Rxg2+ 32. Kf1 Rag8 33. Rg3 R8xg3 34. hxg3 Qf3+ 0-1

[Event "ISL-ch sf"]
[Site "Kopavogur"]
[Date "2014.05.31"]
[Round "8"]
[White "Jonsson, Gauti Pall"]
[Black "Davidsson, Oskar Vikingur"]
[Result "1/2-1/2"]
[WhiteElo "1662"]
[BlackElo "1412"]
[PlyCount "130"]
[EventDate "2014.05.23"]
[EventType "swiss"]
[EventRounds "9"]
[EventCountry "ISL"]
[SourceTitle "CBM 160 Extra"]
[Source "ChessBase"]
[SourceDate "2014.07.01"]
[SourceVersion "1"]
[SourceVersionDate "2014.07.01"]
[SourceQuality "1"]

1. e4 c5 2. Nf3 e6 3. d4 cxd4 4. Nxd4 Nc6 5. Nc3 Qc7 6. Be2 a6 7. 0-0 Nf6 8. Be3 Bb4 9. f3 b5 10. Nxc6 Qxc6 11. Bd4 Bc5 12. Kh1 Bxd4 13. Qxd4 Bb7 14. Rad1 Rc8 15. Qd6 Qxd6 16. Rxd6 Rc6 17. Rfd1 0-0 18. e5 Rxd6 19. Rxd6 Nd5 20. Rxd7 Nxc3 21. bxc3 Bd5 22. c4 bxc4 23. Rc7 g6 24. Bxc4 Bxc4 25. Rxc4 Rb8 26. Kg1 Rb2 27. a4 Kf8 28. Rc5 a5 29. g3 h5 30. h4 Ra2 31. Rc4 Ke8 32. Kf2 Kd7 33. Ke3 Ra3+ 34. Kf4 Kd8 35. g4 hxg4 36. fxg4 Rh3 37. Kg5 Ke8 38. h5 gxh5 39. gxh5 Rg3+ 40. Rg4 Re3 41. Kf6 Kf8 42. h6 Rh3 43. Kg5 Kg8 44. Rh4 Rg3+ 45. Kf4 Rc3 46. Kg5 Rxc2 47. h7+ Kh8 48. Kf6 Rf2+ 49. Ke7 Rf5 50. Kd6 Rg5 51. Rf4 Kxh7 52. Rxf7+ Kg6 53. Rf6+ Kg7 54. Rxe6 Rg4 55. Re7+ Kf8 56. Rb7 Rd4+ 57. Ke6 Rxa4 58. Kf6 Rf4+ 59. Kg5 Rf1 60. Ra7 Rf2 61. Rxa5 Ke7 62. Ra6 Rf1 63. Kg6 Rg1+ 64. Kf5 Rf1+ 65. Ke4 Re1+ 1/2-1/2

[Event "Reykjavik op"]
[Site "Reykjavik"]
[Date "2014.03.11"]
[Round "9"]
[White "Danielsson, Sigurdur G"]
[Black "Davidsson, Oskar Vikingur"]
[Result "1/2-1/2"]
[WhiteElo "1953"]
[BlackElo "1404"]
[PlyCount "95"]
[EventDate "2014.03.04"]
[EventType "swiss"]
[EventRounds "10"]
[EventCountry "ISL"]
[SourceTitle "CBM 159 Extra"]
[Source "ChessBase"]
[SourceDate "2014.04.24"]
[SourceVersion "1"]
[SourceVersionDate "2014.04.24"]
[SourceQuality "1"]

1. e4 c5 2. b4 e6 3. bxc5 Bxc5 4. d4 Bb6 5. Bb2 Ne7 6. f4 d6 7. Nf3 0-0 8. Bd3 Nbc6 9. 0-0 e5 10. c3 exf4 11. Kh1 Bg4 12. h3 Bxf3 13. Qxf3 Ng6 14. Nd2 Re8 15. Rae1 Qd7 16. Nc4 Bc7 17. Bc1 Rad8 18. Bxf4 Nxf4 19. Qxf4 d5 20. Ne5 Nxe5 21. dxe5 Bxe5 22. Qh4 Bxc3 23. exd5 g6 24. Rc1 Bg7 25. Bc4 Qe7 26. Qf2 Rd6 27. Rce1 Qd7 28. Rxe8+ Qxe8 29. Qxa7 Qe7 30. Qb8+ Bf8 31. a4 b6 32. Qa8 Qc7 33. Qe8 Rd8 34. Qe4 Bd6 35. h4 h5 36. Rf6 Kg7 37. Rf3 Rc8 38. Bb5 Qc5 39. Rf1 Qb4 40. Qxb4 Bxb4 41. Bc6 Bd6 42. Rb1 Bc5 43. Kh2 Rc7 44. Rb5 Ra7 45. Rb3 Re7 46. Rc3 Re4 47. Kh3 Re7 48. Rd3 1/2-1/2